[Event "77. ljubljanska liga 2025"]
[Site "Gostovanja"]
[Date "2025.01.23"]
[Round "2.8"]
[White "Medvesek, Janez"]
[Black "Skok, Boris"]
[Result "1-0"]
[WhiteElo "1940"]
[BlackElo "1934"]
[PlyCount "89"]
[EventDate "2025.01.16"]
[WhiteTeam "SK VISNJA GORA - STICNA"]
[BlackTeam "SD CRNI GRABEN"]

1. d4 Nf6 2. c4 e6 3. Nc3 Bb4 4. f3 d5 5. a3 Bxc3+ 6. bxc3 O-O 7. cxd5 exd5 8.
e3 Re8 9. Bd3 b6 10. Ne2 a5 11. O-O Ba6 12. Ng3 Bb7 13. Ra2 c5 14. Raf2 Ba6 15.
Bxa6 Rxa6 16. e4 cxd4 17. cxd4 Re6 18. e5 Ne8 19. f4 Rc6 20. f5 Qc8 21. Nh5 b5
22. Nf4 Qd8 23. Nd3 Rc4 24. Nc5 Ra7 25. f6 Nc6 26. Ne6 Qc8 27. Nxg7 Rxd4 28.
Qh5 Nxg7 29. fxg7 Qg4 30. Qh6 Qg6 31. Qxg6 hxg6 32. Be3 Kxg7 33. Bxd4 Nxd4 34.
Rd1 Ne6 35. Rxd5 Rb7 36. Rb2 Nf4 37. Rdxb5 Rc7 38. h3 Rc1+ 39. Kh2 Nd3 40. Rd2
Nf4 41. Rxa5 g5 42. Ra7 Re1 43. Rdd7 Re2 44. Rxf7+ Kg6 45. Rf6+ 1-0

[Event "77. ljubljanska liga 2025"]
[Site "Gostovanja"]
[Date "2025.01.23"]
[Round "2.8"]
[White "Hribar, Janez"]
[Black "Jancigaj, Saso Valentin"]
[Result "1-0"]
[WhiteElo "1875"]
[BlackElo "1786"]
[PlyCount "71"]
[EventDate "2025.01.16"]
[WhiteTeam "SD CRNI GRABEN"]
[BlackTeam "SK VISNJA GORA - STICNA"]

1. c4 f5 2. Nf3 Nf6 3. g3 e6 4. d4 d5 5. Bg2 c6 6. O-O Bd6 7. b3 Nbd7 8. Bb2
O-O 9. Nbd2 Qe8 10. e3 Ne4 11. Ne5 Rf6 12. f3 Nxd2 13. Qxd2 Rh6 14. Nxd7 Bxd7
15. f4 Qh5 16. Bf3 Qh3 17. Qg2 Kh8 18. Qxh3 Rxh3 19. Kg2 Rh6 20. h4 Be8 21. c5
Be7 22. a4 Rg6 23. Bh5 Rh6 24. Bxe8 Rxe8 25. b4 Rg6 26. Kf2 h5 27. Bc3 Rf6 28.
b5 Rb8 29. Rfb1 Rff8 30. Rb2 Bd8 31. bxc6 b6 32. Rab1 Bc7 33. cxb6 axb6 34. a5
bxa5 35. Rxb8 Rxb8 36. Rxb8+ 1-0

[Event "77. ljubljanska liga 2025"]
[Site "Gostovanja"]
[Date "2025.01.23"]
[Round "2.8"]
[White "Kocmur, Boris"]
[Black "Majcen, Zoran"]
[Result "0-1"]
[WhiteElo "1728"]
[BlackElo "1889"]
[PlyCount "53"]
[EventDate "2025.01.16"]
[WhiteTeam "SK VISNJA GORA - STICNA"]
[BlackTeam "SD CRNI GRABEN"]

1. d4 e6 2. e4 d5 3. exd5 exd5 4. Nf3 Bd6 5. Nc3 c6 6. Bd3 Bg4 7. h3 Bh5 8. O-O
Nd7 9. Re1+ Ne7 10. Bg5 f6 11. Be3 Qc7 12. Ne2 Bxf3 13. gxf3 O-O-O 14. c4 dxc4
15. Bxc4 Nb6 16. Be6+ Kb8 17. Qb3 Nbd5 18. Nc3 Qb6 19. Qc2 Rhe8 20. Ne4 Qc7 21.
a3 Nf4 22. Nxd6 Qxd6 23. Bf5 Nxh3+ 24. Kg2 Rf8 25. Kxh3 Rf7 26. Qc4 Nd5 27. Bd2
{nejasno (54)} 0-1